| 000 | 00577nam a2200193 a 4500 | ||
|---|---|---|---|
| 005 | 20210219160547.0 | ||
| 008 | 991125s2004 mx 000 0 spa u | ||
| 020 | _a9703701582 | ||
| 035 | _aUPN01000168046 | ||
| 049 | _aCG | ||
| 050 | 4 |
_aF1234 C35 _bM6.8 |
|
| 100 | 1 | _aMoguel Flores, Josefina | |
| 245 | 1 | 0 |
_aVenustiano Carranza / _cJosefina Moguel Flores. |
| 260 |
_aMéxico : _bPlaneta. _c2004. |
||
| 300 | _a108 p. | ||
| 440 | 0 |
_aGrandes protagonistas de la historia mexicana. _pDivulgación/Biografías |
|
| 600 | 1 | 4 |
_aCARRANZA, VENUSTIANO, _d1859-1920 |
| 905 | _aLibro | ||
| 999 |
_c140155 _d140155 |
||